000 00629nam a22002177a 4500
999 _c7473
_d7473
001 21248
003 BD-DhUAP
005 20210123121052.0
008 210123s2015 bg ||||| |||| 00| 0 eng d
020 _a9848711125
040 _aBD-DhUAP
_bEng
_cBD-DhUAP
_dBD-DhUAP
082 _223
_a347.5492 AHA
100 _aAhamuduzzaman.
245 _aLegal history & legal system of Bangladesh /
_cAhamuduzzaman.
250 _a4th ed.
260 _aDhaka :
_bShams Pub.,
_cc2015.
300 _a(40), 470 pages ;
_c22 cm.
650 _aLaw
_vHistory
_zBangladesh.
650 _aAdministration, justice of
_zBangladesh.
942 _2ddc
_cBK